Ricostruisci la Carriera del Calciatore - Simone Pepe - Statistics

Statistiche generali
  • Questo quiz è stato fatto 2 volte
  • Il punteggio medio è 4 su 12
Statistiche sulle risposte
Hint Risposta % Corretto
2010-2015 Juventus
100%
2015-2016 Chievo
50%
2002 Lecco
50%
2005-2006 Palermo
50%
2002-2003 Teramo
50%
2006 Udinese
50%
2006-2007 Cagliari
0%
2003-2004 Palermo
0%
2016-2017 Pescara
0%
2004-2005 Piacenza
0%
2001-2002 Roma
0%
2007-2010 Udinese
0%
Nessun quiz corrispondente trovato
Distribuzione punteggi
Percentuale di utenti per punteggio
Percentile per numero di risposta
I tuoi punteggi nel tempo
Non hai fatto questo quiz